000 nam a22 7a 4500
999 _c53936
_d53936
003 OSt
005 20220727155102.0
008 220727b xxu||||| |||| 00| 0 eng d
040 _cIIMT UNIVERSITY
100 _aGEETA PRESS GORAKHPUR
245 _aKALYAN UPNISAD - ANK
260 _aGORAKHPUR
_bGEETA PRESS
_c0000
300 _a776
942 _2ddc
_c09